00789nam a2200205 a 4500003000500000005001700005008004100022010001000063011001100073020001800084035001100102040000900113111009800122245018100220260003600401300003600437700003200473700004100505700003700546CHAP20250422072847.0101125s2008 mx 00010 spa d a99958 a100930 a9786071200556 a111616 cCHAP2 aPrograma Universitario de Investigación en Granos y Semillas (d: 2008c: Chapingo, Méx.)10aMemorias de los resultados de investigación en granos y semillas [Disco compacto]c/[editado por] Arturo Chong Eslava, Samuel Sánchez Domínguez y Esteban Solórzano Vega aChapingo, Méx. :bUACH,c2008 a1 disco compacto ;c4 3/4 plgs.0 aChong Eslava, Arturoe, ed.1 aSánchez Domínguez, Samuele, ed.1 aSolórzano Vega, Estebane, ed.